000 00715nam a2200229Ia 4500
008 240729s9999 xx 000 0 und d
022 _a2395-3322
245 0 _aJournal of Geriatric Mental Health
260 _aIndia
260 _bWolters Kluwer Medknow Publications
650 _a Geriatrics
650 _a Internal medicine
650 _a Internal medicine
650 _a Neurology. Diseases of the nervous system
650 _a Neurosciences. Biological psychiatry. Neuropsychiatry
650 _a Psychiatry | Medicine
650 _a Special situations and conditions
650 _aMedicine
856 _uhttps://doaj.org/toc/05663a39a78349e79f49027087852d61
942 _2ddc
942 _cDOAJEJ
999 _c71540
_d71540
945 _a1
_bMadushi Gamage
_c1
_dMadushi Gamage